000 00629nam a2200229 i 4500
001 C2-0301457
003 PPAK
005 20180728082742.0
008 091210s2009 my a|||| ||||| | may d
020 _a9789836299475
040 _aPPAK
_beng
_cPPAK
_erda
082 0 4 _a899.23
_223
090 0 0 _a899.23
_bBAC
_dK
245 0 0 _aBacalah Sayang 5
264 1 _aKuala Lumpur :
_bDewan Bahasa dan Pustaka ,
_c2009
300 _aiii, 60 pages :
_bcolour illustrations ;
_c25 cm
336 _2rdacontent
_atext
337 _2rdamedia
_aunmediated
338 _2rdacarrier
_avolume
650 1 0 _aMalay literature
942 _ddc
_cB
999 _c105240
_d105240